Дело о разыскании сведений о земле, принадлежавшей помещикам Аслановичам в городе Житомире и перешедшей в училищный фундуш

Доступно только в Электронных читальных залах Найти на картеНа карте
RUSMARC
00004286nmc2a2200000 x 450
00176303a5f-866d-4178-9060-6ce59f2cfdbb
00520170421004057.0
100##$a20140904l18351838k l0rusy0189 ca
1010#$arus
102##$aRU
2001#$aДело о разыскании сведений о земле, принадлежавшей помещикам Аслановичам в городе Житомире и перешедшей в училищный фундуш
$j10 января 1835 г. - 17 января 1838 г.
251##$cДело
300##$aДело
300##$aОриг. заголовок дела: Дело по отношению правления Киевского университета Святого Владимира, о землях, принадлежавших помещице Аслановичевой, отыскиваемых училищным фундушем. 10 января 1835 г
801#0$aRU
$bРГИА
$c20140904
$gRCR
801#1$aRU
$bГлавНИВЦ
$c20140904
$2rusmarc
801#2$aRU
$bПБ им. Б.Н. Ельцина
$c20170421
$gRCR
$2rusmarc
850##$aРГИА
852##$aРГИА
$eФедеральное казенное учреждение "Российский государственный исторический архив" (РГИА)
$j259
937##$hРГИА
$d11178675
$aASBIBLIO_SCAN
462#0$1001460feb74-7b04-4139-aeb0-b9d27856a1ef
$12001
$aДела Департамента народного просвещения по Киевскому учебному округу за 1804-1844 гг.
$1251
$cОпись
$1852
$j69
461#0$1001a74412a3-3cc5-4d21-8f0a-dfe2fbd9e72d
$12001
$aДепартамент народного просвещения Министерства народного просвещения (1803-1917)
$1251
$cФонд
$1852
$j733
215##$a6 л.
$d36,5x26 см
371##$aДокумент не является опубликованным и широко распространяемым
105##$aу###
1222#$ad
5171#$aДело по отношению правления Киевского университета Святого Владимира, о землях, принадлежавших помещице Аслановичевой, отыскиваемых училищным фундушем. 10 января 1835 г
035##$a76303a5f-866d-4178-9060-6ce59f2cfdbb
856##$uhttp://readingroom.main.prlib.ru/item.aspx?id_node=n97358759&mode=full
Формат отображения